[Event "Barcelona Sant Marti op 11th"]
[Site "Barcelona"]
[Date "2024.01.11"]
[Round "1"]
[White "Ruiz Mata, Oscar"]
[Black "Marques Soriano, Valentin"]
[Result "1-0"]
[WhiteElo "2231"]
[BlackElo "1623"]
[PlyCount "41"]
[EventDate "2024.01.11"]
[EventType "swiss"]
[EventRounds "9"]
[EventCountry "ESP"]
[SourceTitle "CB11_2024"]
[SourceDate "2024.03.13"]
[SourceVersion "1"]
[SourceVersionDate "2024.03.13"]
[SourceQuality "1"]

1. d4 d5 2. c4 c6 3. Nf3 Nf6 4. Nc3 e6 5. Bg5 Be7 6. e3 0-0 7. Qc2 Nbd7 8. Rd1 b6 9. Bd3 Bb7 10. 0-0 h6 11. Bh4 Nh5 12. Bxe7 Qxe7 13. Ne5 Nhf6 14. f4 dxc4 15. Bxc4 Nd5 16. Qe2 N7f6 17. e4 Nxc3 18. bxc3 a5 19. f5 c5 20. fxe6 Nxe4 21. exf7+ 1-0

[Event "Cornella Pinol Memorial 6th"]
[Site "Cornella de Llobregat"]
[Date "2018.09.24"]
[Round "1"]
[White "Ruiz Mata, Oscar"]
[Black "Bise Fenoy, Jordi"]
[Result "1-0"]
[WhiteElo "2350"]
[BlackElo "1753"]
[PlyCount "85"]
[EventDate "2018.09.24"]
[EventType "swiss"]
[EventRounds "9"]
[EventCountry "ESP"]
[SourceTitle "CBM 187 Extra"]
[Source "ChessBase"]
[SourceDate "2018.11.04"]
[SourceVersion "1"]
[SourceVersionDate "2018.11.04"]
[SourceQuality "1"]

1. d4 d6 2. e4 e5 3. Nf3 exd4 4. Nxd4 Nf6 5. Nc3 Nc6 6. Be2 Be7 7. 0-0 0-0 8. Be3 Re8 9. f4 Bf8 10. Bf3 Bd7 11. Kh1 Qc8 12. Qe1 Bg4 13. Qg3 Bxf3 14. gxf3 Nxd4 15. Bxd4 Qd8 16. Rad1 Nh5 17. Qg4 Nf6 18. Qf5 Qd7 19. Qg5 Qe7 20. Rg1 Kh8 21. Nd5 h6 22. Bxf6 hxg5 23. Bxe7 Rxe7 24. Nxe7 Bxe7 25. fxg5 a5 26. h4 a4 27. Kg2 Ra5 28. Rd5 Ra6 29. Kh3 a3 30. b3 g6 31. Kg4 c6 32. Rd4 Ra5 33. Rgd1 Rc5 34. R1d2 Ra5 35. Ra4 Rxa4 36. bxa4 Kg7 37. Rd3 f6 38. Rb3 fxg5 39. Rxb7 Kf6 40. a5 d5 41. hxg5+ Ke6 42. exd5+ cxd5 43. Rxe7+ 1-0

[Event "Barcelona Sants op 17th"]
[Site "Barcelona"]
[Date "2015.08.24"]
[Round "4"]
[White "Ruiz Mata, Oscar"]
[Black "Prieto Aranguren, Alain"]
[Result "1-0"]
[WhiteElo "2290"]
[BlackElo "2123"]
[PlyCount "80"]
[EventDate "2015.08.21"]
[EventType "swiss"]
[EventRounds "10"]
[EventCountry "ESP"]
[SourceTitle "EXT 2016"]
[Source "ChessBase"]
[SourceDate "2015.10.08"]
[SourceVersion "1"]
[SourceVersionDate "2015.10.08"]
[SourceQuality "1"]

1. d4 f5 2. Bg5 h6 3. Bf4 Nf6 4. Nd2 d6 5. h4 Nc6 6. Ngf3 Nxd4 7. Nxd4 e5 8. Be3 exd4 9. Bxd4 c5 10. Bxf6 Qxf6 11. e4 Bd7 12. Qf3 0-0-0 13. 0-0-0 g6 14. Bc4 Bc6 15. Bd5 Bxd5 16. exd5 Bg7 17. c3 Rhe8 18. g3 Rd7 19. Rde1 Rde7 20. Kd1 h5 21. Qf4 b5 22. Qg5 Qf7 23. Rxe7 Rxe7 24. Re1 Rxe1+ 25. Kxe1 b4 26. cxb4 cxb4 27. Qf4 Qxd5 28. Qxb4 Kc7 29. b3 Bh6 30. Qc4+ Qc6 31. Ke2 d5 32. Qxc6+ Kxc6 33. Kd3 Kc5 34. f4 Bg7 35. Nf3 d4 36. Ne5 Bxe5 37. fxe5 Kd5 38. e6 Kxe6 39. Kxd4 g5 40. hxg5 f4 1-0

[Event "Montcada op 23rd"]
[Site "Montcada"]
[Date "2015.06.28"]
[Round "4"]
[White "Ruiz Mata, Oscar"]
[Black "Cruz, Jonathan"]
[Result "0-1"]
[WhiteElo "2324"]
[BlackElo "2453"]
[PlyCount "68"]
[EventDate "2015.06.25"]
[EventType "swiss"]
[EventRounds "9"]
[EventCountry "ESP"]
[SourceTitle "CBM 167 Extra"]
[Source "ChessBase"]
[SourceDate "2015.09.14"]
[SourceVersion "1"]
[SourceVersionDate "2015.09.14"]
[SourceQuality "1"]

1. d4 Nf6 2. Nf3 c5 3. c3 d5 4. e3 Nc6 5. Nbd2 Qb6 6. Bd3 Bg4 7. Qb3 c4 8. Qxb6 axb6 9. Bc2 b5 10. Ne5 Nxe5 11. dxe5 Nd7 12. f4 e6 13. e4 dxe4 14. Nxe4 Bf5 15. Be3 b4 16. cxb4 Bxb4+ 17. Kf2 g5 18. a3 gxf4 19. Bxf4 Be7 20. Rac1 Ra5 21. Bb1 Nxe5 22. Bxe5 Rxe5 23. Rxc4 0-0 24. Rd1 b5 25. Rcd4 Bg6 26. g3 Bh5 27. R1d2 f5 28. Nd6 Bg5 29. Rf4 Rd8 30. Ba2 Kf8 31. h4 Bh6 32. Rdd4 Ke7 33. Bxe6 Rxd6 34. Rxd6 Bxf4 0-1

[Event "Foment Martinenc op-A 17th"]
[Site "Barcelona"]
[Date "2015.05.09"]
[Round "3"]
[White "Ros Montes, Daniel"]
[Black "Ruiz Mata, Oscar"]
[Result "0-1"]
[WhiteElo "2010"]
[BlackElo "2324"]
[PlyCount "132"]
[EventDate "2015.04.25"]
[EventType "swiss"]
[EventRounds "9"]
[EventCountry "ESP"]
[SourceTitle "EXT 2017"]
[Source "ChessBase"]
[SourceDate "2016.10.25"]
[SourceVersion "1"]
[SourceVersionDate "2016.10.25"]
[SourceQuality "1"]

1. c4 c6 2. g3 d5 3. Bg2 Nf6 4. Nf3 e6 5. 0-0 Be7 6. b3 0-0 7. Bb2 b6 8. Na3 Bb7 9. Nc2 Na6 10. Ne5 Nd7 11. d4 Rc8 12. Ne3 Nxe5 13. dxe5 Qc7 14. Rc1 dxc4 15. Nxc4 Rfd8 16. Qc2 c5 17. Bxb7 Qxb7 18. Rfd1 Nb4 19. Qb1 Qc7 20. a3 Nc6 21. a4 Rxd1+ 22. Rxd1 Rd8 23. Rxd8+ Qxd8 24. Qe4 Qd5 25. Qd3 Qxd3 26. exd3 Nb4 27. d4 Nd3 28. Ba3 Kf8 29. dxc5 Bxc5 30. Bxc5+ Nxc5 31. a5 b5 32. Nd2 Ke7 33. Kf1 Kd7 34. Ke2 Kc6 35. Ke3 Kd5 36. f4 h6 37. h3 h5 38. g4 hxg4 39. hxg4 g5 40. fxg5 Kxe5 41. Nf3+ Kd5 42. Nd4 a6 43. b4 e5 44. Nf5 Ne6 45. g6 fxg6 46. Ne7+ Kc4 47. Nc6 Ng5 48. Nxe5+ Kxb4 49. Kd3 Nh3 50. Nxg6 Nf2+ 51. Kc2 Nxg4 52. Ne7 Kxa5 53. Kb3 Kb6 54. Nd5+ Kc5 55. Nf4 Ne5 56. Ne6+ Kb6 57. Nd4 a5 58. Nc2 Nc6 59. Ka3 a4 60. Ne3 Ka5 61. Nc2 b4+ 62. Kb2 Kb5 63. Ne3 Ne5 64. Nc2 Nc4+ 65. Kb1 b3 66. Na1 Kb4 0-1

[Event "Foment Martinenc op-A 17th"]
[Site "Barcelona"]
[Date "2015.05.02"]
[Round "2"]
[White "Ruiz Mata, Oscar"]
[Black "Fernandez Aguilar, Francisco"]
[Result "1/2-1/2"]
[WhiteElo "2324"]
[BlackElo "2046"]
[PlyCount "75"]
[EventDate "2015.04.25"]
[EventType "swiss"]
[EventRounds "9"]
[EventCountry "ESP"]
[SourceTitle "EXT 2017"]
[Source "ChessBase"]
[SourceDate "2016.10.25"]
[SourceVersion "1"]
[SourceVersionDate "2016.10.25"]
[SourceQuality "1"]

1. d4 d5 2. Nf3 Nf6 3. c4 c6 4. Nc3 e6 5. Bg5 dxc4 6. e4 b5 7. e5 h6 8. Bh4 g5 9. Bg3 Nd5 10. Nd2 h5 11. h4 g4 12. Be2 Bb7 13. Nde4 Nd7 14. 0-0 N7b6 15. Qd2 Be7 16. Nd6+ Bxd6 17. exd6 Nxc3 18. bxc3 Qd7 19. Qg5 f5 20. Be5 Rf8 21. f3 Qh7 22. fxg4 hxg4 23. Bxg4 Kd7 24. Bf3 Rg8 25. Qh5 Qxh5 26. Bxh5 c5 27. Bf3 Bxf3 28. Rxf3 cxd4 29. Bxd4 Kxd6 30. Rd1 Nd5 31. Re1 Rg6 32. h5 Rh6 33. Rh3 a5 34. Bg7 Rh7 35. h6 b4 36. cxb4 axb4 37. Re2 Nc3 38. Bxc3 1/2-1/2

[Event "Cerdanyola del Valles op 30th"]
[Site "Cerdanyola del Valles"]
[Date "2012.10.06"]
[Round "2"]
[White "Garcia Playa, David"]
[Black "Ruiz Mata, Oscar"]
[Result "0-1"]
[WhiteElo "1969"]
[BlackElo "2314"]
[PlyCount "96"]
[EventDate "2012.09.29"]
[EventType "swiss"]
[EventRounds "8"]
[EventCountry "ESP"]
[SourceTitle "EXT 2014"]
[Source "ChessBase"]
[SourceDate "2013.11.20"]
[SourceVersion "1"]
[SourceVersionDate "2013.11.20"]
[SourceQuality "1"]

1. e4 e5 2. Nf3 Nf6 3. Nxe5 d6 4. Nf3 Nxe4 5. Nc3 Nxc3 6. dxc3 Be7 7. Be3 Nd7 8. Qd2 Ne5 9. 0-0-0 Bg4 10. Be2 Nxf3 11. gxf3 Be6 12. Qd4 0-0 13. Rhg1 Bf6 14. Qd2 Qd7 15. Bh6 Bf5 16. Bg5 Bxg5 17. Qxg5 f6 18. Qh5 Rae8 19. Rde1 g6 20. Qh4 Kg7 21. Qf4 Re5 22. Bd3 Qe6 23. Rxe5 fxe5 24. Qc4 Qxc4 25. Bxc4 Bd7 26. Be2 Bc6 27. Rg3 e4 28. Kd2 exf3 29. Bd1 Rf4 30. Ke3 Re4+ 31. Kd3 Rh4 32. h3 Be4+ 33. Ke3 Bf5 34. Bxf3 Rxh3 35. Rxh3 Bxh3 36. Bxb7 Bf5 37. Kd2 g5 38. b4 Kf6 39. c4 Ke5 40. Ke3 Bxc2 41. Bc6 h5 42. a4 h4 43. a5 Bd1 44. Kd2 Bg4 45. Ke3 Be6 46. c5 dxc5 47. bxc5 h3 48. Bh1 g4 0-1

[Event "Barcelona La Lira op 30th"]
[Site "Barcelona"]
[Date "2012.02.10"]
[Round "4"]
[White "Pascual Gonzalez, Novelles Carle"]
[Black "Ruiz Mata, Oscar"]
[Result "0-1"]
[WhiteElo "1896"]
[BlackElo "2300"]
[PlyCount "52"]
[EventDate "2012.01.20"]
[EventType "swiss"]
[EventRounds "8"]
[EventCountry "ESP"]
[SourceTitle "EXT 2013"]
[Source "ChessBase"]
[SourceDate "2012.11.22"]
[SourceVersion "1"]
[SourceVersionDate "2012.11.22"]
[SourceQuality "1"]

1. e4 e5 2. Nf3 Nf6 3. Nxe5 d6 4. Nf3 Nxe4 5. d4 d5 6. Bd3 Nc6 7. 0-0 Be7 8. Re1 Bg4 9. c3 f5 10. Bf4 0-0 11. Nbd2 Bd6 12. Bxd6 Qxd6 13. Qb3 Kh8 14. Qc2 Rae8 15. Bb5 Nxd2 16. Nxd2 a6 17. Bd3 Ne7 18. Nf1 f4 19. Re5 Bd7 20. Bxh7 g6 21. Bxg6 Nxg6 22. Rh5+ Kg7 23. Rg5 Qf6 24. h4 Rh8 25. Nh2 Rxh4 26. Nf3 Reh8 0-1

[Event "Barcelona La Lira op 30th"]
[Site "Barcelona"]
[Date "2012.02.03"]
[Round "3"]
[White "Ruiz Mata, Oscar"]
[Black "Colom Andres, Xavier"]
[Result "1-0"]
[WhiteElo "2300"]
[BlackElo "1939"]
[PlyCount "53"]
[EventDate "2012.01.20"]
[EventType "swiss"]
[EventRounds "8"]
[EventCountry "ESP"]
[SourceTitle "EXT 2013"]
[Source "ChessBase"]
[SourceDate "2012.11.22"]
[SourceVersion "1"]
[SourceVersionDate "2012.11.22"]
[SourceQuality "1"]

1. d4 d5 2. Nf3 c6 3. c4 Nf6 4. Nc3 a6 5. Ne5 Nbd7 6. cxd5 cxd5 7. Bf4 e6 8. e3 Qb6 9. a3 Nxe5 10. Bxe5 Nd7 11. Bg3 Nf6 12. Bd3 Bd6 13. Na4 Qd8 14. Rc1 Bxg3 15. hxg3 Bd7 16. Nc5 b5 17. b4 Qb6 18. g4 Ke7 19. g5 Ne8 20. g6 f5 21. g4 Nf6 22. g5 Ne4 23. Bxe4 dxe4 24. Rxh7 Rag8 25. Nxd7 Kxd7 26. d5 Qd6 27. Qd4 1-0

[Event "Barcelona La Lira op 30th"]
[Site "Barcelona"]
[Date "2012.01.27"]
[Round "2"]
[White "De la Fuente Clemente, Constantin"]
[Black "Ruiz Mata, Oscar"]
[Result "0-1"]
[WhiteElo "1879"]
[BlackElo "2300"]
[PlyCount "70"]
[EventDate "2012.01.20"]
[EventType "swiss"]
[EventRounds "8"]
[EventCountry "ESP"]
[SourceTitle "EXT 2013"]
[Source "ChessBase"]
[SourceDate "2012.11.22"]
[SourceVersion "1"]
[SourceVersionDate "2012.11.22"]
[SourceQuality "1"]

1. e4 e5 2. Nf3 Nf6 3. Nc3 Nc6 4. Bc4 Nxe4 5. Bxf7+ Kxf7 6. Nxe4 d5 7. Neg5+ Kg8 8. d4 h6 9. Nh3 Bxh3 10. gxh3 e4 11. Ng1 Qf6 12. c3 Bd6 13. Qb3 Ne7 14. Qxb7 Kh7 15. Qb3 Rhf8 16. Be3 Nf5 17. 0-0-0 Nxe3 18. fxe3 Qf2 19. Qc2 Qxe3+ 20. Qd2 Qxd2+ 21. Kxd2 Rf2+ 22. Ne2 Raf8 23. Ke1 Bxh2 24. Rd2 Bd6 25. Nc1 R2f3 26. Nb3 Re3+ 27. Re2 Bg3+ 28. Kd1 Rxe2 29. Kxe2 Rf2+ 30. Ke3 Rxb2 31. Nc1 Rb1 32. Rg1 Bh2 33. Rf1 g5 34. Kd2 Bf4+ 35. Kc2 Rxc1+ 0-1

[Event "Barcelona La Lira op 30th"]
[Site "Barcelona"]
[Date "2012.01.20"]
[Round "1"]
[White "Ruiz Mata, Oscar"]
[Black "Bertolin Escriche, Tomas"]
[Result "1-0"]
[WhiteElo "2300"]
[BlackElo "1724"]
[PlyCount "25"]
[EventDate "2012.01.20"]
[EventType "swiss"]
[EventRounds "8"]
[EventCountry "ESP"]
[SourceTitle "EXT 2013"]
[Source "ChessBase"]
[SourceDate "2012.11.22"]
[SourceVersion "1"]
[SourceVersionDate "2012.11.22"]
[SourceQuality "1"]

1. d4 d5 2. Nf3 Nf6 3. c4 c6 4. Nc3 g6 5. cxd5 cxd5 6. Bf4 a6 7. h3 Bg7 8. e3 0-0 9. Be2 Nbd7 10. 0-0 Re8 11. Rc1 Nb6 12. Qb3 Bf5 13. Nb5 1-0

[Event "Cerdanyola del Valles op 28th"]
[Site "Cerdanyola del Valles"]
[Date "2010.11.06"]
[Round "6"]
[White "Ruiz Mata, Oscar"]
[Black "Fernandez Diaz, Cristian"]
[Result "1-0"]
[WhiteElo "2302"]
[BlackElo "1948"]
[PlyCount "63"]
[EventDate "2010.10.02"]
[EventType "swiss"]
[EventRounds "7"]
[EventCountry "ESP"]
[SourceTitle "EXT 2012"]
[Source "ChessBase"]
[SourceDate "2011.11.24"]
[SourceVersion "1"]
[SourceVersionDate "2011.11.24"]
[SourceQuality "1"]

1. d4 d5 2. Nf3 c6 3. c4 dxc4 4. Nc3 b5 5. a4 b4 6. Ne4 Nd7 7. e3 Ngf6 8. Nxf6+ Nxf6 9. Bxc4 e6 10. 0-0 Be7 11. Ne5 Bb7 12. a5 Rc8 13. Qb3 0-0 14. Rd1 Nd7 15. Bxe6 Nxe5 16. dxe5 Qxd1+ 17. Qxd1 fxe6 18. Bd2 Rcd8 19. Qc2 Rd5 20. e4 Rxe5 21. Be3 c5 22. f3 g5 23. Rd1 Bc6 24. Bf2 g4 25. Bg3 gxf3 26. gxf3 Rg5 27. Qe2 h5 28. Qa6 Ba4 29. Qxe6+ Rf7 30. Rd5 Rgg7 31. Rxh5 Bd1 32. Rf5 1-0

[Event "Barcelona 10"]
[Site "Barcelona"]
[Date "2009.10.31"]
[Round "5"]
[White "Ruiz Mata, Oscar"]
[Black "Gonzalez Rodriguez, Jorge Armando"]
[Result "1/2-1/2"]
[WhiteElo "2291"]
[BlackElo "2429"]
[PlyCount "69"]
[EventDate "2009.10.03"]
[EventType "tourn"]
[EventRounds "9"]
[EventCountry "ESP"]
[EventCategory "3"]
[SourceTitle "EXT 2011"]
[Source "ChessBase"]
[SourceDate "2010.11.26"]
[SourceVersion "1"]
[SourceVersionDate "2010.11.26"]
[SourceQuality "1"]

1. d4 Nf6 2. Nf3 e6 3. e3 c5 4. Bd3 cxd4 5. exd4 b6 6. 0-0 Bb7 7. Qe2 Be7 8. Nbd2 d6 9. Ne4 Nbd7 10. c3 0-0 11. Re1 Re8 12. Nfg5 Bf8 13. Nxf6+ Nxf6 14. Ne4 Nxe4 15. Bxe4 Qd7 16. Bf4 Bxe4 17. Qxe4 d5 18. Qd3 b5 19. a3 a5 20. Rec1 Ra7 21. h3 Qc6 22. Qd1 f6 23. a4 Rb7 24. axb5 Rxb5 25. Qa4 Rc8 26. Ra2 Qb6 27. Rc2 Rc4 28. b4 axb4 29. cxb4 Rbxb4 30. Qe8 Rxc2 31. Ra8 h6 32. Qxf8+ Kh7 33. Qg8+ Kg6 34. Qe8+ Kh7 35. Qg8+ 1/2-1/2

[Event "Catalunya-chT Primera Gp1"]
[Site "Catalunya"]
[Date "2008.04.06"]
[Round "7"]
[White "Ruiz Mata, Oscar"]
[Black "Zurano Lopez, Pedro"]
[Result "1-0"]
[WhiteElo "2256"]
[BlackElo "2299"]
[PlyCount "141"]
[EventDate "2008.01.27"]
[EventType "team-tourn"]
[EventRounds "9"]
[EventCountry "ESP"]
[SourceTitle "EXT 2019"]
[Source "ChessBase"]
[SourceDate "2018.10.10"]
[SourceVersion "1"]
[SourceVersionDate "2018.10.10"]
[SourceQuality "1"]

1. d4 d5 2. Nf3 Nf6 3. e3 c6 4. Bd3 Bg4 5. Nbd2 Nbd7 6. h3 Bh5 7. e4 dxe4 8. Bxe4 Nxe4 9. Nxe4 e6 10. 0-0 Be7 11. Bf4 Nf6 12. Nxf6+ Bxf6 13. c3 Qb6 14. g4 Bg6 15. Qe2 Rd8 16. Ne5 c5 17. dxc5 Qxc5 18. Rfd1 0-0 19. Nd7 Qa5 20. Nxf8 Rxf8 21. Bd6 Re8 22. a4 a6 23. Qe3 Bc2 24. Bb4 Qc7 25. Rd2 Bb3 26. a5 Bd5 27. Rad1 Be5 28. Rxd5 exd5 29. Rxd5 Bh2+ 30. Kg2 Qc6 31. Qf3 Bb8 32. Rc5 Qxf3+ 33. Kxf3 Rd8 34. c4 f6 35. Rd5 Rxd5 36. cxd5 Kf7 37. Ke4 Be5 38. b3 Ke8 39. f4 Bb2 40. h4 Kf7 41. f5 Ke8 42. h5 Bc1 43. Kd4 Kd7 44. Bf8 Bh6 45. Kd3 Ke8 46. Bc5 Bf4 47. Bb4 Kd7 48. Ke4 Bc1 49. Bf8 Bh6 50. Kd3 Ke8 51. Bc5 Bf4 52. Be3 Bc7 53. b4 Bd6 54. Bc5 Bf4 55. Kc4 Kd7 56. Bf8 Bh6 57. g5 Bxg5 58. Bxg7 Kd6 59. Bf8+ Kd7 60. Bc5 Bh4 61. Be3 Kd6 62. Bf4+ Kd7 63. Bb8 Bf2 64. Bh2 Be1 65. Bg1 Kd6 66. Bc5+ Kd7 67. Bd4 Ke7 68. Kc5 Bd2 69. d6+ Kf7 70. Kd5 Bxb4 71. Bb6 1-0

[Event "Barcelona Sant Marti op 06th"]
[Site "Barcelona"]
[Date "2004.05.22"]
[Round "5"]
[White "Rueda Marquez, David Juan"]
[Black "Ruiz Mata, Oscar"]
[Result "1/2-1/2"]
[WhiteElo "2140"]
[BlackElo "2340"]
[PlyCount "22"]
[EventDate "2004.04.17"]
[EventType "swiss"]
[EventRounds "9"]
[EventCountry "ESP"]
[SourceTitle "CBM 100 Extra"]
[Source "ChessBase"]
[SourceDate "2004.07.06"]
[SourceVersion "2"]
[SourceVersionDate "2004.07.06"]
[SourceQuality "1"]

1. e4 e5 2. Nf3 Nf6 3. Nxe5 d6 4. Nf3 Nxe4 5. Qe2 Qe7 6. d3 Nf6 7. Nc3 Qxe2+ 8. Bxe2 c6 9. Bf4 Na6 10. 0-0-0 Nc7 11. Ne4 Ne6 1/2-1/2

[Event "Barcelona Sant Marti op 06th"]
[Site "Barcelona"]
[Date "2004.05.15"]
[Round "4"]
[White "Ruiz Mata, Oscar"]
[Black "Delgado Pico, Lluis"]
[Result "1-0"]
[WhiteElo "2340"]
[BlackElo "2165"]
[PlyCount "63"]
[EventDate "2004.04.17"]
[EventType "swiss"]
[EventRounds "9"]
[EventCountry "ESP"]
[SourceTitle "CBM 100 Extra"]
[Source "ChessBase"]
[SourceDate "2004.07.06"]
[SourceVersion "2"]
[SourceVersionDate "2004.07.06"]
[SourceQuality "1"]

1. d4 Nf6 2. c4 g6 3. Nc3 Bg7 4. e4 d6 5. f3 0-0 6. Be3 Nc6 7. Nge2 a6 8. Qd2 Rb8 9. h4 h5 10. Nc1 e5 11. d5 Nd4 12. N1e2 c5 13. dxc6 Nxc6 14. Rd1 Qa5 15. Nc1 Rd8 16. Nb3 Qc7 17. Nd5 Nxd5 18. cxd5 Ne7 19. Rc1 Qd7 20. Bb6 Rf8 21. Rc7 Qe8 22. Qb4 Bd7 23. Qxd6 Nc8 24. Qb4 Nxb6 25. Qxb6 f5 26. Nc5 Rf6 27. Qb3 Rc8 28. Nxd7 Rxc7 29. Nxf6+ Bxf6 30. d6+ Rf7 31. Bc4 Qd8 32. Qxb7 1-0

[Event "Santa Coloma 8th"]
[Site "Santa Coloma"]
[Date "2000.09.07"]
[Round "7"]
[White "Garcia, Manuel"]
[Black "Ruiz Mata, Oscar"]
[Result "1/2-1/2"]
[WhiteElo "2092"]
[BlackElo "2252"]
[PlyCount "112"]
[EventDate "2000.09.01"]
[EventType "tourn"]
[EventRounds "9"]
[EventCountry "ESP"]
[SourceTitle "EXT 2001"]
[Source "ChessBase"]
[SourceDate "2000.11.22"]
[SourceVersion "1"]
[SourceVersionDate "2000.11.22"]
[SourceQuality "1"]

1. c4 e6 2. Nc3 d5 3. cxd5 exd5 4. d4 Nf6 5. Nf3 Be7 6. e3 0-0 7. Bd3 c5 8. h3 Nc6 9. 0-0 a6 10. dxc5 Bxc5 11. a3 Re8 12. Qc2 Ba7 13. Rd1 Be6 14. Ne2 Rc8 15. Qa4 Qd6 16. Bd2 Ne5 17. Nxe5 Qxe5 18. Bc3 Qg5 19. Nf4 Bd7 20. Bxf6 Bxa4 21. Bxg5 Bxd1 22. Rxd1 h6 23. Bh4 g5 24. Nxd5 gxh4 25. Nf6+ Kg7 26. Nxe8+ Rxe8 27. Kf1 Rd8 28. Ke2 Bb8 29. Rc1 Be5 30. Rc2 Rd6 31. b3 Rb6 32. b4 Re6 33. a4 Bd6 34. Rc4 Be7 35. b5 axb5 36. Rg4+ Kf8 37. Bxb5 Rg6 38. Rc4 b6 39. Rc8+ Kg7 40. Bc6 Rd6 41. f4 f5 42. Bb5 Rd8 43. Rc7 Kf6 44. Kf3 Rd6 45. Rc3 Rd8 46. Bd3 Rd6 47. Rb3 Bd8 48. Bb1 Rd5 49. Rb4 Rc5 50. Bd3 Rd5 51. Ke2 Rc5 52. Rd4 Be7 53. Rd7 Bf8 54. Kf3 Be7 55. e4 fxe4+ 56. Bxe4 Rc3+ 1/2-1/2

[Event "Santa Coloma 8th"]
[Site "Santa Coloma"]
[Date "2000.09.02"]
[Round "2"]
[White "Ferre Campos, Josep"]
[Black "Ruiz Mata, Oscar"]
[Result "0-1"]
[WhiteElo "2110"]
[BlackElo "2252"]
[PlyCount "54"]
[EventDate "2000.09.01"]
[EventType "tourn"]
[EventRounds "9"]
[EventCountry "ESP"]
[SourceTitle "EXT 2001"]
[Source "ChessBase"]
[SourceDate "2000.11.22"]
[SourceVersion "1"]
[SourceVersionDate "2000.11.22"]
[SourceQuality "1"]

1. d4 c5 2. Nf3 cxd4 3. Nxd4 d5 4. c4 e5 5. Nf3 d4 6. g3 Nc6 7. Bg2 Bb4+ 8. Kf1 Nf6 9. a3 Be7 10. b4 Qc7 11. Bb2 Be6 12. Nbd2 h6 13. Qc2 0-0 14. Nh4 Rad8 15. Nf5 Kh8 16. Nxe7 Nxe7 17. Rc1 Bf5 18. Qa4 a6 19. b5 Ra8 20. Qb3 Nd7 21. Qf3 Nc5 22. a4 axb5 23. cxb5 Rxa4 24. Qxb7 Qxb7 25. Bxb7 Nxb7 26. Rc7 Bh3+ 27. Ke1 Rc8 0-1